| 000 | 01171nam a22002777a 4500 | ||
|---|---|---|---|
| 001 | BD-DhSAU 9278 | ||
| 003 | BD-DhSAU | ||
| 005 | 20260513121435.0 | ||
| 008 | 260513b2018 bg a|||| m||| 00| 0 eng d | ||
| 040 | _aBD-DhSAU | ||
| 082 |
_222 _a636.085 _bN4991 |
||
| 100 |
_aHAQUE, NEZAMUL _eRegistration # 17-07958 |
||
| 245 |
_aCurrent scenario of artificial
insemination practices according to breeding
policy in different cattle breeds at gouripur
mymensingh district /
_bMS thesis |
||
| 260 |
_aSher-e-Bangla Agricultural University; _bDepartment of Animal nutrition, genetics and breeding ; _c2024. |
||
| 300 |
_axiii, 80p. : _bill. ; _c30 cm. |
||
| 500 | _aMS thesis of Department of Animal nutrition, genetics and breeding ;, ;, Faculty of ASVM. Sher-e-Balgla Agricultural University Dhaka-1207 | ||
| 504 | _aIncludes bibliographical reference. | ||
| 590 | _aNazmul | ||
| 650 | _aartificial insemination practices | ||
| 650 | _abreeding policy | ||
| 651 | _acattle breeds at gouripur mymensingh | ||
| 700 |
_aProf. Dr. Lam Yea Asad _eSuperviser |
||
| 710 |
_eCo-Superviser _aAsssit. Prof. Dr. Nusrat Jahan |
||
| 942 |
_2ddc _cTHESIS |
||
| 999 |
_c18406 _d18405 |
||